Catálogo
 En Linea

Himnario de alabanza evangélica / (Registro nro. 25303)

Detalles MARC
000 -CABECERA
campo de control de longitud fija 00488nam a2200169 a 4500
001 - NÚMERO DE CONTROL
campo de control 000025811
005 - FECHA Y HORA DE LA ÚLTIMA TRANSACCIÓN
campo de control 20200930024052.0
008 - DATOS DE LONGITUD FIJA--INFORMACIÓN GENERAL
campo de control de longitud fija 110217s1978 ag r 000 | spa d
020 ## - NÚMERO INTERNACIONAL ESTÁNDAR DEL LIBRO
Número Internacional Estándar del Libro 0311322026
040 ## - FUENTE DE LA CATALOGACIÓN
Centro catalogador/agencia de origen DO-SdBNP
Lengua de catalogación spa
Centro/agencia transcriptor BNPHU
082 ## - NÚMERO DE LA CLASIFICACIÓN DECIMAL DEWEY
Número de clasificación xxx
Número de documento/Ítem H658a
049 ## - FONDOS LOCALES (OCLC)
Fondos de biblioteca BNGR
245 10 - MENCIÓN DE TÍTULO
Título Himnario de alabanza evangélica /
Mención de responsabilidad, etc. edición Eduardo Nelson G.
260 ## - PUBLICACIÓN, DISTRIBUCIÓN, ETC.
Lugar de publicación, distribución, etc. Buenos Aires :
Nombre del editor, distribuidor, etc. Mundo Hispano,
Fecha de publicación, distribución, etc. 1978.
300 ## - DESCRIPCIÓN FÍSICA
Extensión vii, 447 p. ;
Dimensiones 16 cm.
700 1# - PUNTO DE ACCESO ADICIONAL--NOMBRE DE PERSONA
Nombre de persona Nelson G., Eduardo
Término indicativo de función/relación ed.
9 (RLIN) 4662
Existencias
Estado de retiro Estado de pérdida Restricciones de uso No para préstamo Código de colección Localización permanente Ubicación/localización actual Ubicación en estantería Fecha de adquisición Número de inventario Total de préstamos Signatura topográfica completa Código de barras Fecha visto por última vez Precio válido a partir de Tipo de ítem Koha
      Excluido de préstamo Monografías: Libros y Folletos General General En catalogación 22.02.2011 LF1   xxx H658a 25811-10 25.06.2020 25.06.2020 No se presta

Con tecnología Koha